Detalles MARC
| 000 -LIDER |
| fixed length control field |
00900nam a2200361 c 4500 |
| 001 - NÚMERO DE CONTROL |
| Identificador de número de control |
68168 |
| 003 - IDENTIFICACDOR DE NÚMERO DE CONTROL |
| control field |
DO-SdBNP |
| 005 - DATE AND TIME OF LATEST TRANSACTION |
| control field |
20160831124223.0 |
| 007 - CAMPOS FIJOS DE DESCRIPCIÓN FÍSICA |
| fixed length control field |
68169 |
| 008 - ELEMENTOS DE LONGITUD FIJA |
| fixed length control field |
150721s2011 sp a | |||| 000 f spa |
| 015 ## - NÚMERO DENTRO DE LA BIBLIOGRAFÍA NACIONAL |
| National bibliography number |
|
| 017 ## - NÚMERO DE REGISTRO DE DERECHOS DE AUTOR |
| Copyright or legal deposit number |
|
| Assigning agency |
|
| 020 ## - ISBN |
| International Standard Book Number |
9788466313810 |
| 035 ## - NÚMERO LOCAL |
| System control number |
|
| 040 ## - FUENTE DE CATALOGACIÓN |
| Agencia que crea de manera original el registro |
BPMSU |
| Idioma de catalogación |
spa |
| Agencia que realiza la transcripción |
BPMSU |
| Convenciones de la despripción |
|
| 080 ## - NÚMERO DE CLASIFICACIÓN DECIMAL UNIVERSAL |
| Universal Decimal Classification number |
|
| 092 ## - LOCALLY ASSIGNED DEWEY DECIMAL CALL NUMBER |
| Número de clasificación |
863.6 |
| Número de ítem (Cutter) |
P438as |
| 100 1# - ASIENTO PRINCIPAL -- NOMBRE PERSONAL |
| Nombre personal |
Pérez-Reverte, Arturo |
| Fechas asociadas con el nombre |
1951- |
| Término de relación |
|
| 245 13 - MENCIÓN DE TITULO |
| Título |
El asedio / |
| Mención de responsabilidad |
Arturo Pérez-Reverte |
| 250 ## - MENCIÓN DE EDICION |
| Mención de edición |
|
| 260 ## - PUBLICACIÓN, DISTRIBUCIÓN, ETC. (PIE DE IMPRENTA) |
| Lugar de publicación, distribución, etc |
Madrid : |
| Nombre del editor, distribuidor, etc. |
Santillana Ediciones Generales, |
| Fecha de publicación, distribución, etc |
2010 |
| 300 ## - DESCRIPCIÓN FÍSICA |
| Extensión |
810 p.: |
| Otros detalles físicos |
il., mapas, |
| Dimensiones |
21 cm |
| 336 ## - CONTENT TYPE |
| Content type term |
|
| Source |
|
| 337 ## - MEDIA TYPE |
| Media type term |
|
| Source |
|
| 490 0# - MENCIÓN DE SERIES |
| Volume/sequential designation |
|
| 490 0# - MENCIÓN DE SERIES |
| Mención de serie |
|
| Volume/sequential designation |
|
| 500 ## - NOTA GENERAL |
| Nota general |
Incluye datos biográficos del autor : p. 4 |
| 650 #4 - ENCABEZAMIENTO DE MATERIA--TEMÁTICO |
| Término temático o nombre geográfico como elemento de entrada |
NOVELA ESPAÑOLA |
| 650 #4 - ENCABEZAMIENTO DE MATERIA--TEMÁTICO |
| Término temático o nombre geográfico como elemento de entrada |
LITERATURA ESPAÑOLA |
| 901 ## - LOCAL DATA ELEMENT A, LDA (RLIN) |
| a |
|
| 942 ## - ADDED ENTRY ELEMENTS (KOHA) |
| Source of classification or shelving scheme |
Dewey Decimal Classification |
| Koha item type |
Libros |
| 956 ## - LOCAL ELECTRONIC LOCATION AND ACCESS (OCLC) |
| Nombre de host |
VMATEO |
| Número de acceso |
10 |
| Información de compresión |
20160830 |
| Trayectoria |
BPMSU |
| Nombre Electrónico |
0069 |